000 00830nam a22002177a 4500
005 20081022114441.0
008 081022t xxu||||| |||| 00| 0 eng d
010 _aENG-84300
020 _a019568320X
020 _c695.00 (hb)
035 _aEN-67833
082 _a954.8024
100 _aJackson, William J
245 _aVijayanagara visions :
_breligious experience and cultural creativity in a south Indian empire/
_cby William J Jackson
260 _aNew Delhi
_bOxford University Press
260 _c2007
300 _axv,381p
_c22cm
500 _aIncludes bibliographical references and index
942 _2ddc
_cEN
_h954.8024
_m JAC
999 _c17639
_d17639